000 00414nam a22001457a 4500
005 20200612140845.0
008 200612b xxu||||| |||| 00| 0 eng d
082 _a345.4 AIR
110 _aALL INDIA REPORTER
_96042
245 _aALL INDIA REPORTER ,[2005] [VOL-92] SUPREME COURT SECTION [PART-3]
260 _aMUMBAI
_bALL INDIA REPORTER , PVT. LTD.
300 _a3584;p
650 _aLAW
_95701
942 _cJRL
999 _c7101
_d7099